[Event "AUTO-INT-779"]
[Site "http://www.queenalice.com/game.php?id=348308"]
[Date "2008.2.4"]
[Round "1"]
[White "damaziomateus"]
[Black "pedroso"]
[Result "1-0"]
[WhiteElo "1254"]
[BlackElo "1502"]

1. b4 e5 2. c3 Nf6 3. d4 exd4 4. Qxd4 d5 5. c4 Bxb4+ 6. Bd2 Bxd2+ 7. Nxd2 O-O 8.
Nh3 Nc6 9. Qb2 Bxh3 10. gxh3 dxc4 11. Nxc4 Qd5 12. Rc1 b5 13. Ne3 Qd4 14. Qxb5
Ne5 15. Rg1 a6 16. Qb3 Ne4 17. Rd1 Qc5 18. f4 Ng6 19. f5 Nf4 20. f6 Nxf6 21. h4
Ne4 22. h5 Nxh5 23. Bh3 Nc3 24. Rd3 Ne4 25. Rf1 Rab8 26. Qd1 Nc3 27. Qc2 Rbd8
28. Rxc3 Qe7 29. Rc6 Rd6 30. Nf5 1-0

[Event "AUTO-INT-779"]
[Site "http://www.queenalice.com/game.php?id=348309"]
[Date "2008.2.4"]
[Round "1"]
[White "pedroso"]
[Black "damaziomateus"]
[Result "1-0"]
[WhiteElo "1495"]
[BlackElo "1262"]

1. e4 e5 2. Nf3 f6 3. d4 d5 4. exd5 exd4 5. Nxd4 Bb4+ 6. Nc3 c5 7. Ne6 Bxe6 8.
dxe6 Nc6 9. Qxd8+ Rxd8 10. Bb5 a6 11. Bxc6+ bxc6 12. O-O h5 13. a3 Ba5 14. b4
cxb4 15. axb4 Bxb4 16. Bb2 Rh6 17. Rxa6 Rd2 18. Rxc6 h4 19. Rc8+ Ke7 20. Rxg8
Kxe6 21. Rxg7 Rxc2 22. Re1+ Kf5 23. g4+ Kf4 24. Ne2+ Kf3 25. Nd4+ Kf4 26. Nxc2
Kf3 27. Re3+ Kf4 28. Nd4 Bd2 29. Ne6# 1-0

[Event "AUTO-INT-779"]
[Site "http://www.queenalice.com/game.php?id=348310"]
[Date "2008.2.4"]
[Round "1"]
[White "damaziomateus"]
[Black "braseiko"]
[Result "0-1"]
[WhiteElo "1313"]
[BlackElo "1671"]

1. b4 e6 2. c3 c5 3. b5 d5 4. Nf3 Bd6 5. Qa4 Bd7 6. g3 Nf6 7. d3 Na6 8. c4 dxc4
9. dxc4 Nc7 10. h4 a6 11. Bf4 Bxf4 12. gxf4 axb5 13. Qc2 b4 14. Ne5 Ba4 15. Qd3
O-O 16. h5 Qxd3 17. Nxd3 Bc6 18. f3 b6 19. Ne5 Bb7 20. Nd2 h6 21. Bh3 b5 22. f5
exf5 23. Bxf5 Rfd8 24. Rb1 Rxa2 25. cxb5 Rdxd2 26. b6 Rxe2+ 27. Kd1 Nb5 28. Rb3
Nc3+ 29. Rxc3 bxc3 30. Nd3 Bxf3 31. Rf1 Rf2+ 32. Ke1 Rae2+ 33. Kd1 Rxf1+ 34. Ne1
Rfxe1# 0-1

[Event "Challenge"]
[Site "http://www.queenalice.com/game.php?id=348437"]
[Date "2008.2.4"]
[Round "-"]
[White "damaziomateus"]
[Black "chevago04"]
[Result "0-1"]
[WhiteElo "1283"]
[BlackElo "1725"]

1. e4 g6 2. b4 Bg7 3. c3 d6 4. Nh3 Bxh3 5. gxh3 Nf6 6. Qa4+ c6 7. b5 O-O 8. d4
Nxe4 9. Qc2 d5 10. h4 e6 11. Rg1 Qxh4 12. Rg2 Qe7 13. c4 Bxd4 14. Bb2 Qb4+ 15.
Kd1 Qxb2 16. Qxb2 Bxb2 17. cxd5 Rd8 18. bxc6 bxc6 19. Nd2 Nxd2 20. Kxd2 Rxd5+
21. Ke2 Bxa1 22. h4 Nd7 23. Kf3 Rb8 24. Bc4 Ne5+ 25. Ke4 Rd4+ 26. Kxe5 Rg4+ 27.
Kd6 Rxg2 28. Kc7 Be5+ 29. Kxc6 Rxf2 30. a4 Rc2 31. Kc5 Rcb2 32. a5 Rc8# 0-1

[Event "Challenge"]
[Site "http://www.queenalice.com/game.php?id=348438"]
[Date "2008.2.4"]
[Round "-"]
[White "danielsaraujo"]
[Black "damaziomateus"]
[Result "1-0"]
[WhiteElo "1549"]
[BlackElo "1300"]

1. d3 e5 2. Nf3 d6 3. c3 f6 4. Qb3 g5 5. h4 g4 6. Nfd2 Bh6 7. f3 gxf3 8. Nxf3
Bxc1 9. Na3 Be3 10. d4 a5 11. Nc4 a4 12. Qb5+ c6 13. Nxd6+ Qxd6 14. dxe5 Qd2+
15. Nxd2 cxb5 16. c4 Be6 17. cxb5 Nd7 18. Ne4 Ke7 19. exf6+ Ngxf6 20. Ng5 Rhd8
21. g3 Rac8 22. Bh3 Bxh3 23. Rxh3 Rc2 24. b3 Rdc8 25. Kf1 Rc1+ 26. Rxc1 Rxc1+
27. Kg2 a3 28. Kf3 Nd5 29. Nxh7 N7f6 30. Ng5 Rf1+ 31. Kg2 Ra1 32. b6 Rxa2 33. g4
Rxe2+ 34. Kf1 Rf2+ 35. Ke1 a2 36. Rxe3+ Nxe3 37. Kxf2 Nc2 38. h5 a1=Q 39. h6
Nxg4+ 40. Kg3 Nxh6 41. Ne4 Nf5+ 42. Kf4 Ke6 43. Nc5+ Kf6 44. Nxb7 Qa8 45. Nc5
Qb8+ 46. Kf3 Qxb6 47. Nd7+ Kg5 48. Nxb6 Kh4 49. Ke4 Nd6+ 50. Kd3 Nb4+ 51. Kd4
Kg4 52. Kc5 Nc8 53. Nxc8 Nd3+ 54. Kd4 Nf4 55. b4 Ne6+ 56. Kd5 Nc7+ 57. Kc6 Na6
58. b5 Nb4+ 59. Kc5 Nd3+ 60. Kd6 Kf5 61. b6 Nb4 62. b7 Na6 63. Ne7+ Kf6 64. Nd5+
Kf7 65. Nb4 Nb8 66. Kc7 Ke8 67. Kxb8 Kd7 68. Ka7 Kc7 69. b8=Q+ Kd7 70. Qb6 Ke7
71. Kb7 Kd7 72. Qh6 Ke7 73. Kc7 Ke8 74. Qh7 Kf8 75. Qd7 Kg8 76. Nd5 Kf8 77. Kd8
Kg8 78. Nf6+ Kh8 79. Qh7# 1-0

[Event "Challenge"]
[Site "http://www.queenalice.com/game.php?id=348829"]
[Date "2008.2.5"]
[Round "-"]
[White "damaziomateus"]
[Black "moreira75"]
[Result "1-0"]
[WhiteElo "1278"]
[BlackElo "947"]

1. d4 e6 2. c3 b5 3. g4 Na6 4. Bg2 Rb8 5. h4 Qf6 6. g5 Qe7 7. Bf4 Kd8 8. e4 h5
9. Na3 b4 10. Nb5 Rb6 11. Nxa7 g6 12. a4 Bb7 13. Be5 f6 14. Bh2 fxg5 15. Be5 Rh6
16. hxg5 Qxg5 17. Rh2 b3 18. Nf3 d6 19. Nxg5 Be7 20. Bg7 Rh7 21. Nxh7 d5 22.
exd5 exd5 23. Qf3 Bc6 24. Rd1 Bxa4 25. Qxd5+ Ke8 26. Bh3 Rb5 27. Nxb5 Nb8 28.
Nxc7# 1-0

[Event "AUTO-BEG-182"]
[Site "http://www.queenalice.com/game.php?id=348868"]
[Date "2008.2.5"]
[Round "1"]
[White "Samuel"]
[Black "damaziomateus"]
[Result "0-1"]
[WhiteElo "1254"]
[BlackElo "1351"]

1. h4 b6 2. e4 a5 3. d4 g6 4. Bd2 e5 5. Be2 exd4 6. c3 dxc3 7. bxc3 d6 8. f4 Be7
9. c4 Bxh4+ 10. g3 Bxg3+ 11. Kf1 Ba6 12. Na3 Nf6 13. Rh3 Nh5 14. Bg4 Rg8 0-1

[Event "AUTO-BEG-182"]
[Site "http://www.queenalice.com/game.php?id=348878"]
[Date "2008.2.5"]
[Round "1"]
[White "damaziomateus"]
[Black "iamsuperman"]
[Result "1-0"]
[WhiteElo "1341"]
[BlackElo "1229"]

1. d4 d5 2. Qd2 g6 3. h4 e6 4. b4 Be7 5. e3 b6 6. Bb5+ Bd7 7. c4 dxc4 8. Bxc4
Na6 9. Bxa6 c6 10. Qc2 b5 11. Bb7 Rb8 12. Bxc6 Bxc6 13. Qxc6+ Qd7 14. Qc3 Rc8
15. Qa3 Bd8 16. Nc3 a6 17. Qxa6 Be7 18. Nxb5 Bxb4+ 19. Bd2 Bxd2+ 20. Kxd2 Nf6
21. Ne2 Rf8 22. Nd6+ 1-0

[Event "AUTO-BEG-182"]
[Site "http://www.queenalice.com/game.php?id=348879"]
[Date "2008.2.5"]
[Round "1"]
[White "iamsuperman"]
[Black "damaziomateus"]
[Result "0-1"]
[WhiteElo "1248"]
[BlackElo "1328"]

1. e3 d5 2. d4 e6 3. g3 a5 4. c3 g5 5. f3 b5 6. Bxb5+ Bd7 7. Bd3 f5 8. Nh3 g4 9.
Nf2 gxf3 10. Nh3 Nf6 11. Qxf3 Ng4 12. O-O e5 13. dxe5 Bc5 14. c4 Nxe5 15. Qxd5
Nbc6 16. Qxc5 Nxd3 17. Qa3 Nxc1 18. Rxc1 Nb4 19. c5 Bb5 20. Qb3 Rb8 21. Nc3 Ba6
22. Rf1 Bxf1 0-1

[Event "Challenge"]
[Site "http://www.queenalice.com/game.php?id=349299"]
[Date "2008.2.6"]
[Round "-"]
[White "danielsaraujo"]
[Black "damaziomateus"]
[Result "1-0"]
[WhiteElo "1632"]
[BlackElo "1284"]

1. e4 a6 2. g3 b5 3. Bg2 d6 4. e5 d5 5. Nc3 d4 6. Bxa8 c6 7. Ne4 f5 8. Nc5 Qd5
9. Nd3 Qxh1 10. Kf1 Qxh2 11. Qf3 h5 12. Bxc6+ Nxc6 13. Qxc6+ Kd8 14. e6 Rh6 15.
b4 Rxe6 16. Qd5+ Bd7 17. Nc5 Nf6 18. Nxe6+ Ke8 19. Qa8+ Kf7 20. Qxf8+ Kxe6 21.
Qxg7 Bc6 22. f3 Bd5 23. Bb2 Ng4 24. Re1+ Ne3+ 25. dxe3 Bc4+ 26. Ne2 d3 27. Qe5+
Kf7 28. Qxf5+ Ke8 29. cxd3 Bxa2 30. Rc1 Qh1+ 31. Ng1 a5 32. Rc7 Kd8 33. Qc8# 1-0

[Event "Challenge"]
[Site "http://www.queenalice.com/game.php?id=351739"]
[Date "2008.2.10"]
[Round "-"]
[White "damaziomateus"]
[Black "EDISAN"]
[Result "1-0"]
[WhiteElo "1285"]
[BlackElo "1241"]

1. d4 e5 2. dxe5 Bb4+ 3. c3 Ba5 4. Nh3 Nc6 5. Bg5 f6 6. exf6 gxf6 7. Bh4 b5 8.
Qd3 Rb8 9. Na3 Ne5 10. Qf5 d6 11. Qh5+ Kf8 12. Ng5 fxg5 13. Bxg5 Qd7 14. Rd1 h6
15. Bh4 c6 16. Rd4 c5 17. Rf4+ Kg7 18. e4 Qc6 19. g4 c4 20. g5 d5 21. Rg1 dxe4
22. gxh6+ Kh7 23. Rg7# 1-0

[Event "Challenge"]
[Site "http://www.queenalice.com/game.php?id=357222"]
[Date "2008.2.19"]
[Round "-"]
[White "EDISAN"]
[Black "damaziomateus"]
[Result "0-1"]
[WhiteElo "1183"]
[BlackElo "1311"]

1. e4 a6 2. Nf3 d6 3. Ng5 f6 4. Nf3 b6 5. c4 a5 6. a4 Qd7 7. Nc3 Ba6 8. b3 Qe6
9. Nd5 f5 10. Nxc7+ Kd7 11. Nxa8 Kc6 12. Nd4+ Kc5 13. Nxe6+ Kc6 14. Nxf8 Kb7 15.
Nxb6 Kxb6 16. Qh5 Nf6 17. Qxf5 Rxf8 18. d4 g6 19. Qf3 Nc6 20. d5 Nd4 21. Qh3
Nc2+ 22. Kd1 Nxa1 23. Qxh7 Nxh7 24. Be3+ Kb7 25. h4 Nxb3 26. Rh3 Nf6 27. Rf3 Rh8
28. Rf4 g5 29. hxg5 Rh1 30. Ke1 Bxc4 31. gxf6 Rxf1# 0-1

[Event "Challenge"]
[Site "http://www.queenalice.com/game.php?id=363358"]
[Date "2008.2.29"]
[Round "-"]
[White "damaziomateus"]
[Black "EDISAN"]
[Result "0-1"]
[WhiteElo "1365"]
[BlackElo "1167"]

1. d4 Nc6 2. e3 d5 3. a4 Bf5 4. b3 Nb4 5. Qd2 Nxc2+ 6. Ke2 Nxa1 7. Qa2 Qd6 8.
Qxa1 Qb4 9. Bd2 Qxb3 10. Nc3 c6 11. g3 Nh6 12. f3 e6 13. g4 Bc2 14. Bh3 g5 15.
e4 dxe4 16. Ke3 Bg7 17. Ne2 O-O-O 18. Nc1 Qb4 19. N1a2 Qb6 20. fxe4 Rxd4 21. Bg2
Rd3+ 22. Ke2 Rdd8 23. Bxg5 f6 24. Be3 Nxg4 25. Bxb6 axb6 26. Nb4 c5 27. Nxc2 Bh6
28. h3 Rd2+ 29. Kf1 Rxc2 30. Bf3 Rc1+ 31. Kg2 Rxa1 32. Rxa1 Ne3+ 33. Kf2 Rd8 34.
a5 Rd2+ 35. Ke1 Nc2+ 36. Kf1 Nxa1 37. axb6 Rd3 38. Nb5 Rxf3+ 39. Kg2 Rb3 40.
Na7+ Kb8 41. e5 fxe5 42. h4 c4 43. h5 Rxb6 0-1

[Event "Challenge"]
[Site "http://www.queenalice.com/game.php?id=365233"]
[Date "2008.3.4"]
[Round "-"]
[White "EDISAN"]
[Black "damaziomateus"]
[Result "0-1"]
[WhiteElo "1191"]
[BlackElo "1341"]

1. e4 g6 2. Nf3 h5 3. Bc4 d6 4. Ng5 Bg4 5. f3 Bc8 6. Nxf7 Qd7 7. Nxh8 Bg7 8.
Bxg8 Bxh8 9. a4 Bf6 10. a5 Bh4+ 11. g3 Kf8 12. Bb3 Bf6 13. d3 Bd4 14. Qd2 Qc6
15. Qh6+ Ke8 16. Qxg6+ Kd8 17. Ra4 Qc5 18. Rc4 Bf2+ 19. Ke2 Qb6 20. axb6 cxb6
21. Rf1 Bc5 22. e5 Nd7 23. exd6 Bxd6 24. f4 Nf8 25. Qg8 Ke8 26. Ba4+ Bd7 27. Bb3
Be6 28. Ba4+ Bd7 29. Bb3 b5 30. Re4 Bg4+ 31. Kf2 Kd7 32. Bd5 Re8 33. Bxb7 Rb8
34. Bd5 e6 35. Qg7+ Ke8 36. Rfe1 Rc8 37. Nc3 Rc7 38. Bc6+ Rxc6 39. Qb7 Rc7 40.
Qb8+ Kd7 41. Nxb5 Rc8 42. Qxd6+ Ke8 43. Ra4 Rxc2+ 44. Kf1 Rxh2 45. Rxa7 Rh1+ 46.
Kg2 Rxe1 47. Ra8+ Kf7 48. Rxf8+ Kg7 49. Bd2 Re2+ 50. Kf1 h4 51. gxh4 Bf3 52. Be1
Kg6 53. Qe7 Kh5 0-1

[Event "Challenge"]
[Site "http://www.queenalice.com/game.php?id=485705"]
[Date "2008.10.31"]
[Round "-"]
[White "damaziomateus"]
[Black "moreira75"]
[Result "1-0"]
[WhiteElo "1323"]
[BlackElo "1292"]

1. b4 e6 2. b5 Qf6 3. d4 Bb4+ 4. c3 Ba5 5. g4 g5 6. Nh3 Nh6 7. Bxg5 Qg7 8. f4
Nxg4 9. Qa4 b6 10. Bg2 h6 11. Bh4 Ne3 12. Bxa8 Nc2+ 13. Qxc2 Qg4 14. Bf6 Rg8 15.
Nf2 Rg6 16. Nxg4 Rxg4 17. Be5 Kd8 18. Qh7 Ke7 19. Qxh6 d6 20. Bf6+ Kd7 21. Qf8
Rxf4 22. Qe7# 1-0